Footballeurs en T (par images). - Statistiques

Statistiques générales
  • Ce quiz a été pris 630 fois
  • Le résultat moyen est 12 sur 16
Statistiques - réponses
Par images Réponse % Correct
Aurélien Tchouaméni
98%
Francesco Totti
95%
Lilian Thuram
94%
Marc-André ter Stegen
94%
Corentin Tolisso
93%
Fernando Torres
91%
David Trezeguet
87%
John Terry
83%
Carlos Tevez
82%
Arda Turan
68%
Dušan Tadić
68%
Jérémy Toulalan
62%
Marius Trésor
54%
Benoît Trémoulinas
47%
James Tavernier
41%
Jean Tigana
37%
Aucun quiz correspondant
Distribution des résultats
% des personnes avec chaque résultat
Percentile par nombre de réponses
Votre historique - résultats
Vous n’avez pas pris ce quiz